000 00778nam a2200241Ia 4500
003 OSt
005 20220918170244.0
006 a|||||r|||| 00| 0
007 ta
008 220917b |||||||| |||| 00| 0 eng d
020 _a978=309124027 (pbk)
_c2930.73
024 _a240,240
037 _b273, 23/12/2009, Kilaso Books
_cTextual
040 _aARTS
_cARTS
_beng
041 _2eng
_aeng
082 _aU287, P8
245 0 _aGlobal climate change and extreme werther events
_b Understanding the contributions to infectious disease emergence
260 _aWashington
_bThe National Academies Press U.S.A
_c2008
300 _axxi, 279p.
_ccm.
650 _aGEOGRAPHY
942 _hU287, P8
_cTEXL
_2CC
999 _c133266
_d133266